Statistics for Shortest Countries Names

Click here to take the quiz!

General Stats

  • This quiz has been taken 78 times
  • The average score is 9 of 10

Answer Stats

How LongCountry% Correct
4Iran
91%
4Iraq
91%
4Fiji
89%
4Mali
89%
4Peru
89%
4Chad
88%
4Laos
86%
4Oman
86%
4Togo
83%
4Cuba
81%

Score Distribution

Percentile by Number Answered

Percent of People with Each Score

Your Score History

You have not taken this quiz